Buteurs portugais en Coupe du Monde - Statistiques

Statistiques générales
  • Ce quiz a été pris 169 fois
    104 depuis la dernière actualisation
  • Le résultat moyen est 13 sur 28
Statistiques - réponses
Nombre de buts Club Nom du joueur % Correct
8 Manchester United, Real Madrid Cristiano Ronaldo
100%
9 Benfica Eusébio
93%
4 Girondins de Bordeaux, Paris Saint-Germain Pauleta
84%
2 Beşiktaş, FC Porto Pepe
82%
1 Atlético Madrid João Félix
74%
2 Manchester United Bruno Fernandes
73%
2 AC Milan Rafael Leão
73%
1 Manchester United Nani
71%
1 Beşiktaş Ricardo Quaresma
70%
3 Benfica Gonçalo Ramos
67%
1 FC Barcelone Deco
62%
1 Borussia Dortmund Raphaël Guerreiro
59%
1 Milan AC Rui Costa
57%
1 Benfica Nuno Gomes
50%
1 SC Braga Ricardo Horta
39%
2 Chelsea Maniche
32%
2 Benfica, Atlético Madrid Simão
29%
2 Juventus Tiago Mendes
28%
1 Werder Brême Hugo Almeida
26%
1 FC Porto Raul Meireles
26%
1 FC Porto Silvestre Varela
18%
1 Sporting Portugal Liédson
11%
3 Benfica José Torres
9%
1 Sporting Portugal Beto
6%
3 Benfica José Augusto
6%
1 Benfica António Simões
4%
1 Benfica Carlos Manuel
3%
1 Benfica Diamantino
2%
Aucun quiz correspondant
Distribution des résultats
% des personnes avec chaque résultat
Percentile par nombre de réponses
Votre historique - résultats
Vous n’avez pas pris ce quiz depuis la dernière actualisation